| 000 | 00368nam a2200145Ia 4500 | ||
|---|---|---|---|
| 005 | 20251222153639.0 | ||
| 008 | 251222s9999||||xx |||||||||||||| ||spa|| | ||
| 020 | _a9789876541183 | ||
| 082 | _a362.196.53/L48 | ||
| 100 | _aLépori, Luis Raúl | ||
| 245 | 0 | _aPsoriasis y otras Dermatosis Frecuentes | |
| 250 | _a1ra.ed. | ||
| 264 | _bLetbar Asociados | ||
| 942 | _cLIB | ||
| 999 |
_c32682 _d32682 |
||